Размол холоднооблагороженной кордной целлюлозы в аппаратах гидродинамического воздействия на волокнистую массу; Химия и химическая технология древесины; Вып. 1

Xehetasun bibliografikoak
Parent link:Химия и химическая технология древесины: межвузовский сборник научных трудов/ Сибирский технологический институт (СибТИ).— , 1973-1977
Вып. 1.— 1973.— С. 145-149
Beste egile batzuk: Бывшев А. В., Веретнов А. К., Меллер Я. М., Кууск Э. Э.
Hizkuntza:errusiera
Argitaratua: 1973
Formatua: Liburu kapitulua
KOHA link:https://koha.lib.tpu.ru/cgi-bin/koha/opac-detail.pl?biblionumber=205771

MARC

LEADER 00000naa2a2200000 4500
001 205771
005 20231031190539.0
035 |a (RuTPU)RU\TPU\book\224258 
035 |a RU\TPU\book\224250 
090 |a 205771 
100 |a 20111214d1973 k y0rusy50 ca 
101 0 |a rus 
102 |a RU 
200 1 |a Размол холоднооблагороженной кордной целлюлозы в аппаратах гидродинамического воздействия на волокнистую массу  |f А. В. Бывшев [и др.] 
320 |a Библиогр.: с. 149 (3 назв.) 
461 0 |0 (RuTPU)RU\TPU\book\136931  |t Химия и химическая технология древесины  |o межвузовский сборник научных трудов  |f Сибирский технологический институт (СибТИ)  |d 1973-1977 
463 0 |0 (RuTPU)RU\TPU\book\137052  |t Вып. 1  |v С. 145-149  |d 1973  |p 180 с. 
701 1 |a Бывшев  |b А. В. 
701 1 |a Веретнов  |b А. К. 
701 1 |a Меллер  |b Я. М. 
701 1 |a Кууск  |b Э. Э. 
801 1 |a RU  |b 63413507  |c 20111213 
801 2 |a RU  |b 63413507  |c 20111214  |g RCR 
942 |c BK